Boletín Informativo /
Guardado en:
| Institution som forfatter: | |
|---|---|
| Format: | Bog |
| Sprog: | Spanish |
| Udgivet: |
México:
Comisión de Derechos Humanos de Guatemala
|
| Fag: | |
| Tags: |
Tilføj Tag
Ingen Tags, Vær først til at tagge denne postø!
|
MARC
| LEADER | 00000nam a22000007a 4500 | ||
|---|---|---|---|
| 003 | cru IIS | ||
| 005 | 20220425092844.0 | ||
| 008 | 220404n gt s||p|r 00| 0 sp spa d | ||
| 040 | |c cru IIS | ||
| 090 | |a REV0115 | ||
| 110 | 2 | |9 10376 |a Comisión de Derechos Humanos (Guatemala) | |
| 245 | 1 | |a Boletín Informativo / |c Comisión de Derechos Humanos de Guatemala | |
| 260 | |a México: |b Comisión de Derechos Humanos de Guatemala | ||
| 270 | |a Pitágoras 842, México, D.F 03020 D.F | ||
| 500 | |a PERIODICIDAD PPS: Quincenal EXISTENCIAS PPS : 1983 (16) 1984 2 (8, 10-13, 16-17, 19-20) 1985 3 (1-4, 16, 18-22) 1986 4 (3-5) | ||
| 500 | |a Colección Centroamérica | ||
| 650 | 0 | |9 38 |a DERECHOS HUMANOS | |
| 650 | 0 | |9 4728 |a CONFLICTOS | |
| 650 | 4 | |9 3217 |a PROBLEMAS POLITICOS | |
| 651 | 0 | |9 142 |a GUATEMALA | |
| 942 | |2 ddc |c PP | ||
| 999 | |c 44179 |d 44179 | ||
